LEADER 01487nam a2200337 a 4500 001 000000129672 003 CaOOAMICUS 005 20120717092819.0 008 120717s2012 it u000 u ita r 020 $a978-88-311-4813-9 040 $aPUL$bita 082 04$a232 100 1 $aParadiso, Marcello,$d1953-$0(OLS)http://pul/name/70457 245 13$aLa sacra scrittura in Hans Urs von Balthasar /$cMarcello Paradiso ; prefazione di Gianni Carozza. 260 $aRoma :$bCittà Nuova,$c©2012. 300 $a257 p. ;$c20 cm 490 1 $aContributi di teologia ;$v67 504 $aInclude riferimenti bibliografici e indice. 600 14$aBalthasar, Hans Urs von,$ccard.,$d1905-1988$xTeologia.$0(OLS)http://pul/subject/23332 650 4$aCristologia$xStudi.$0(OLS)http://pul/subject/36480 700 1 $aCarozza, Gianni.$0(OLS)http://pul/name/83025 700 1 $aCoda, Piero,$csacerdote,$d1955-$0(OLS)http://pul/name/12631 830 0$aContributi di teologia ;$v67.$0(OLS)http://pul/title/23834 850 $aPUL 852 $aPUL$W1$xSL Religione 3$y85$m232 BALHA 1$j150151$qDDC 21$B148689$CPULBib$Z2$F148689 $H120219 $82 941 1 $a9 996 $6020$a978-88-311-4813-9$9(OLS)http://pul/number/150297 996 $6082$a232$9(OLS)http://pul/classification/381 996 $6245$aLa sacra scrittura in Hans Urs von Balthasar$9(OLS)http://pul/title/163909 996 $6260$aRoma :$bCittà Nuova$9(OLS)http://pul/publisher/47927 LEADER 01131nam a2200265 u 4500 001 000000007149 003 CaOOAMICUS 005 20070226104943.0 008 940514s1967 it u000 u ita u 035 $a10186421 040 $aPUL$bita 130 0 $aBible.$pN.T.$pHebrews.$lItalian.$f1967.$0(OLS)http://pul/title/10493 245 10$aLettera agli Ebrei /$cVersione, introduzione e note di Silverio Zedda, S.I. 260 $a[Roma] :$bEdizioni Paoline,$c[c1967] 300 $a113 [5] p. ;$c18 cm 490 1 $aNuovissima versione della Bibbia dai testi originali ;$v43 504 $aBibliography: p. [7] 700 1 $aZedda, Silverio,$cS.I.$b1913-1992.$0(OLS)http://pul/name/7257 830 0$aNuovissima versione della Bibbia dai testi originali ;$v43.$0(OLS)http://pul/title/10489 850 $aPUL 852 $aPUL$W1$xSL Religione 1$y3$m10 E 30$j10075$nBK-PRI$b $qStampati$B10075$CPULBib$Z2$F10075 $H $81 941 1 $a8 961 $aINV: 29007. 996 $6245$aLettera agli Ebrei$9(OLS)http://pul/title/80973 996 $6260$a[Roma] :$bEdizioni Paoline$9(OLS)http://pul/publisher/51006